000 01111nam a2200325Ia 4500
003 CO-BoRNBP
005 20240927145643.0
007 ta
008 130821s1993 ck ab gr spa
020 _a958 95596 2 X
040 _aCo-BoUCM
_bspa
_cCo-BoUCM
041 0 0 _aspa
082 0 4 _a342.087 S16d
_220
100 1 _aSánchez, Enrique
_942470
245 1 0 _aDerechos e identidad los pueblos indígenas y negros en la Constitución Política de Colombia de 1991
_cEnrique Sánchez, Roque Roldán, María Fernanda Sánchez
250 _a1a. edición
300 _a336 páginas
_c24 cm
336 _2rdacontent
_atexto
_btxt
337 _2rdamedia
_asin mediación
_bn
338 _2rdacarrier
_avolumen
_bnc
504 _aIncluye bibliografía.
650 _aDerecho constitucional
_2LEMB
_942471
650 _aDerechos civiles
_2LEMB
650 _aDerechos de los negros
_2LEMB
_942472
650 _aIdentidad cultural
_2LEMB
_921849
650 _aIndígenas
_2LEMB
700 1 _aRoldán Roque
_942473
700 1 _aSánchez, María Fernanda
_942474
942 _cBK
_a8
_2ddc
_h342.087
999 _c38346
_d38346